Rekombinantné fluorescenčné proteíny a ich aplikácie

Na minha lista:
Detalhes bibliográficos
Autor principal: Mikulcová, Hana (Author)
Outros Autores: Hegyi, Zuzana (Thesis advisor)
Formato: Manuscrito Livro
Idioma:eslovaco
Publicado em: 2024
Assuntos:
Acesso em linha:http://is.stuba.sk/zp/portal_zp.pl?podrobnosti=171621
Tags: Adicionar Tag
Sem tags, seja o primeiro a adicionar uma tag!

MARC

LEADER 00000ntm a22000003a 4500
001 stuzp99219
003 SK-STU
005 20240622210744.6
007 ta
008 150427s2015----xo-----f-mn---000-0-slo-d
040 |a STU  |b slo 
041 0 |a slo 
100 1 |a Mikulcová, Hana  |u 044000  |4 aut  |U FCHPT Fakulta chemickej a potravinárskej technológie  |T FCHPT Ústav biotechnológie  |X 117298  |U C4000  |Y 102  |7 117298 
242 0 1 |a Recombinant fluorescent proteins and their applications  |y eng 
245 1 0 |a Rekombinantné fluorescenčné proteíny a ich aplikácie 
260 |c 2024 
650 4 |a E. coli  |2 slo 
650 4 |a červený fluorescenčný proteín  |2 slo 
650 4 |a uskladnenie  |2 slo 
650 4 |a rekombinantná produkcia  |2 slo 
650 4 |a reportérové proteíny  |2 slo 
650 4 |a red fluorescent protein  |2 eng 
650 4 |a storage  |2 eng 
650 4 |a recombinant production  |2 eng 
650 4 |a reporter proteins  |2 eng 
650 4 |a E. coli  |2 eng 
700 1 |a Hegyi, Zuzana  |u 044000  |k Z2  |4 ths  |U FCHPT Fakulta chemickej a potravinárskej technológie  |T FCHPT Ústav biotechnológie  |X 83518  |U C4000  |Y 102  |7 83518 
856 4 |u http://is.stuba.sk/zp/portal_zp.pl?podrobnosti=171621